Religion Quiz

Random Religion or Bible Quiz

Religion Speed-Picking Quiz Stats

 Plays Quiz Updated Mar 8, 2017

Support Sporcle.
Go Orange.
Score 0/50 Timer 02:00
0 Plays Today
% Correct
Zeus
77%
Artemis
69.4%
Jesus Christ
68.3%
Unicorn
67.3%
Sphinx
67%
Muhammad
64.6%
Poseidon
64%
Hydra
63.5%
Deuteronomy
61.4%
Exodus
61.1%
Genesis
61%
Leviticus
59.2%
Hephaestus
58.9%
Chimera
58.2%
Numbers
57.7%
Hestia
56.2%
Hajj
55.1%
Gorgon
54%
Judas
51.4%
Confucius
49.5%
Matthew
49.1%
Siddhartha Gautama
48.9%
Andrew
48.1%
Vishnu
47.3%
Shiva
45.1%
% Correct
Judah
44.2%
Salat
44%
Benjamin
43.5%
Zakat
42.6%
Philip
40%
Shahada
38.4%
Dan
37.2%
Venus
36.3%
Bartholomew
35.8%
Brahma
35.4%
Juno
34.8%
Pluto
34.7%
Sawm
34.6%
Ganesha
34.5%
Simeon
34.3%
Zebulun
33.1%
Guru Nanak
30.3%
Minerva
30.2%
David
28.4%
Solomon
27.2%
Parvati
26.7%
Ceres
26.3%
Saul
22.4%
Zedekiah
15.9%
Ahab
14.7%

From the Vault

Sports Logos Close-Up IV

by weeps

Sports 5m
Usually only superfans get so up close and personal with these teams.
Remove Ads.
Support Sporcle.
Get the best of Sporcle when you Go Orange. This ad-free experience offers more features, more stats, and more fun while also helping to support Sporcle. Thank you for becoming a member.

Show Comments

Extras

Top Quizzes Today


Score Distribution

Your Account Isn't Verified!

In order to create a playlist on Sporcle, you need to verify the email address you used during registration. Go to your Sporcle Settings to finish the process.

Report this User

Report this user for behavior that violates our Community Guidelines.

Details: